<?xml version="1.0" encoding="UTF-8"?>
<record
    xmlns:xsi="http://www.w3.org/2001/XMLSchema-instance"
    xsi:schemaLocation="http://www.loc.gov/MARC21/slim http://www.loc.gov/standards/marcxml/schema/MARC21slim.xsd"
    xmlns="http://www.loc.gov/MARC21/slim">

  <leader>00590nam a2200169Ia 4500</leader>
  <datafield tag="999" ind1=" " ind2=" ">
    <subfield code="c">10792</subfield>
    <subfield code="d">10792</subfield>
  </datafield>
  <controlfield tag="008">210107s9999    xx            000 0 und d</controlfield>
  <datafield tag="022" ind1=" " ind2=" ">
    <subfield code="a">0724-1232</subfield>
  </datafield>
  <datafield tag="100" ind1=" " ind2=" ">
    <subfield code="a">Kalindaga, Y. C.</subfield>
    <subfield code="9">4665</subfield>
  </datafield>
  <datafield tag="245" ind1=" " ind2="0">
    <subfield code="a">Perspectives on regulatory policies in liner shipping and implications for the UN liner code /</subfield>
  </datafield>
  <datafield tag="260" ind1=" " ind2=" ">
    <subfield code="a">Bremen</subfield>
    <subfield code="b">Institute of Shipping Economics and Logistics (ISL)</subfield>
    <subfield code="c">1994</subfield>
  </datafield>
  <datafield tag="300" ind1=" " ind2=" ">
    <subfield code="a">65p.</subfield>
  </datafield>
  <datafield tag="650" ind1=" " ind2="0">
    <subfield code="a">Shipping Management</subfield>
  </datafield>
  <datafield tag="700" ind1=" " ind2=" ">
    <subfield code="9">4667</subfield>
    <subfield code="a">Kalindaga, Y. C.</subfield>
  </datafield>
  <datafield tag="700" ind1=" " ind2=" ">
    <subfield code="9">4668</subfield>
    <subfield code="a">Zachcial, M. (Ed.)</subfield>
  </datafield>
  <datafield tag="700" ind1=" " ind2=" ">
    <subfield code="9">4669</subfield>
    <subfield code="a">Heideloff, C. (Ed.)</subfield>
  </datafield>
  <datafield tag="942" ind1=" " ind2=" ">
    <subfield code="c">BK</subfield>
    <subfield code="2">ddc</subfield>
  </datafield>
  <datafield tag="952" ind1=" " ind2=" ">
    <subfield code="0">0</subfield>
    <subfield code="1">0</subfield>
    <subfield code="2">ddc</subfield>
    <subfield code="4">0</subfield>
    <subfield code="6">387_510000000000000_K1249</subfield>
    <subfield code="7">0</subfield>
    <subfield code="9">21149</subfield>
    <subfield code="a">CL</subfield>
    <subfield code="b">CL</subfield>
    <subfield code="d">2021-01-07</subfield>
    <subfield code="o">387.51 K1249</subfield>
    <subfield code="p">PM06488</subfield>
    <subfield code="r">2021-01-07</subfield>
    <subfield code="y">BK</subfield>
  </datafield>
</record>
